000 01466nam0a22003491 4500
001 v19\rc\2110948
005 20260407103819.0
035 _a(NLR Aleph) 005181942
090 _a5138667
_c5138667
100 _a20090914d1803 |||y0rusy50 ca
101 1 _arus
_cund
102 _aRU
140 _ay y zz yaa0000
200 1 _aПисьма принцессы Гонзаг об Италии, Франции, Германии и изящных искусствах.
_fПеревел И.Н. [Иван Набоков]
_gЧасть 1[-2]
210 _aМосква
_cв типографии Христоф. Клаудия
_d1803
215 _aXVIII, 335, [1] с.
_d12° (19 см)
300 _aЦенз.: Моск. ценз.
300 _aИмеется вар.2 тит. л. с загл.: Письма принцессы Гонзаг об Италии и изящных искусствах
321 1 _aСК 1801-1825 1882
620 _dМосква
700 1 _9z01790
_aГонзага
_bЭ.
_f1747-1833
_gЭлизабета
702 1 _9z02790
_aНабоков
_bИ.
_gИван
_4730
712 0 2 _4610
_aМосковский университет
_bТипография
_3RU\NLR\AUTH\889932963
_9361140
790 1 _9z01700
_aГонзаг
790 0 _9z02702
_aИ.Н.
801 0 _aRU
_bNLR
_gpsbo
801 1 _aRU
_bProSoft-M
_2rusmarc
801 2 _aRU
_bNLR
_c20160224
_2rusmarc
852 _aNLR
_j18.21.6.16
942 _cBOOK
980 _aNB